On This Day (September 23rd) Multiple Choice - Statistics

General Stats
  • This quiz has been taken 11 times
  • The average score is 7 of 15
Answer Stats
Question Answer % Correct
1962 – The Lincoln Center for the Performing Arts opens in which city ? New York, USA
78%
1338 – The Battle of Arnemuiden, in which a French force defeats the English, is the first naval battle that which weaponry is used ? Gunpowder Artillery
67%
2002 – The first public version of which web browser is released ? Mozilla Firefox
67%
2019 – Which British travel company declares bankruptcy, leaving employees without jobs and 600,000 customers stranded abroad ? Thomas Cook
67%
1641 – The Merchant Royal, carrying a cargo of over 100,000 pounds of which commodity, is lost at sea off Land's End. Gold
56%
1846 – Astronomers Urbain Le Verrier, John Couch Adams and Johann Gottfried Galle collaborate on the discovery of which planet ? Neptune
56%
1806 – Lewis and Clark return to which city after exploring the Pacific Northwest of the United States ? St. Louis
56%
2008 – Matti Saari kills ten people before committing suicide in which European country ? Finland
44%
1845 – The Knickerbockers Baseball Club, the first baseball team to play under the modern rules, is founded in which city ? New York
44%
1889 – Which Japanese company is founded by Fusajiro Yamauchi to produce and market the playing card game Hanafuda ? Nintendo
44%
1905 – Sweden and which nation sign the "Karlstad treaty", peacefully dissolving the Union between the two countries ? Norway
44%
1932 – The unification of which Asian country is completed ? Saudi Arabia
22%
1459 – The Battle of Blore Heath, the first major battle of the English Wars of the Roses. In which English county is Blore Heath ? Staffordshire
22%
1983 – Which island country joins the United Nations ? St. Kitts and Nevis
11%
1913 – Roland Garros of France becomes the first to fly in an airplane across the Mediterranean. He took off from which French city ? St. Raphael
0%
No matching quizzes found
Score Distribution
Percent of People with Each Score
Percentile by Number Answered
Your Score History
You have not taken this quiz